000 00758nab a2200229u 4500
001 17872
003 HDC
007 c| |||a|c|aaaa
008 210224b20140805my ||||| |||| 00| 0 may d
040 _aHDC
245 0 _aDagangan Malaysia-China cecah RM83.6 bilion
336 _atext
_2rdacontent
337 _acomputer
_2rdamedia
338 _aonline resource
_2rdacarrier
650 _aMalaysia-China trade
_917042
650 _aMalaysian Investment Development Authority (MIDA)
_916607
710 _aBERITA HARIAN
856 _zRequest full-text at [email protected]
942 _2lcc
942 _cNEWS
942 _kNWSC 005044
999 _c15188
_d15188